000
00533nam a2200133Ia 4500
008
100328s9999 xx 000 0 und d
082
_b
68240
100
_a
बोर्जेस जॉन्सन-अनु.
245
_a
कृतिबद्ध आपत्ती व्यवस्थापन.
260
_b
डायमंड.
630
_a
कृतिबद्ध आपत्ती व्यवस्थापन.
730
_a
कृतिबद्ध आपत्ती व्यवस्थापन.
942
_c
BOOK
999
_c
553979
_d
553976